Expenditure and employment data for the criminal justice system, 1979

Saved in:  
Bibliographic Details
Format: Electronic Book
Language:English
Published: [Erscheinungsort nicht ermittelbar] United States Department of Justice, Bureau of Justice Statistics 1985
In:Year: 1985
Online Access: Volltext (lizenzpflichtig)
Check availability: HBZ Gateway
Subito Delivery Service: Order now.

MARC

LEADER 00000cam a22000002c 4500
001 1912549018
003 DE-627
005 20250128054958.0
007 cr uuu---uuuuu
008 241217s1985 xx |||||o 00| ||eng c
035 |a (DE-627)1912549018 
035 |a (DE-599)KXP1912549018 
040 |a DE-627  |b ger  |c DE-627  |e rda 
041 |a eng 
084 |a 2,1  |2 ssgn 
245 0 0 |a Expenditure and employment data for the criminal justice system, 1979 
264 1 |a [Erscheinungsort nicht ermittelbar]  |b United States Department of Justice, Bureau of Justice Statistics  |c 1985 
336 |a Text  |b txt  |2 rdacontent 
337 |a Computermedien  |b c  |2 rdamedia 
338 |a Online-Ressource  |b cr  |2 rdacarrier 
500 |a (author unknown) 
787 0 8 |i Forschungsdaten  |a United States Department of Justice. Office of Justice Programs. Bureau of Justice Statistics  |t Expenditure and Employment Data for the Criminal Justice System: CJEE Annual Files, 1971-1979  |d [Erscheinungsort nicht ermittelbar] : [Verlag nicht ermittelbar], 1984  |w (DE-627)1840067136 
787 0 8 |i Forschungsdaten  |a United States Department of Justice. Office of Justice Programs. Bureau of Justice Statistics  |t Expenditure and Employment Data for the Criminal Justice System: CJEE Longitudinal File, 1971-1979, 1985, 1988  |d [Erscheinungsort nicht ermittelbar] : [Verlag nicht ermittelbar], 1984  |w (DE-627)184006773X 
856 4 0 |u http://www.ncjrs.gov/App/publications/abstract.aspx?ID=87242  |x Verlag  |z lizenzpflichtig  |3 Volltext  |7 1 
935 |a mkri 
951 |a BO 
ELC |a 1 
LOK |0 000 xxxxxcx a22 zn 4500 
LOK |0 001 4637514517 
LOK |0 003 DE-627 
LOK |0 004 1912549018 
LOK |0 005 20241217044442 
LOK |0 008 241217||||||||||||||||ger||||||| 
LOK |0 035   |a (DE-2619)ICPSR141 
LOK |0 040   |a DE-2619  |c DE-627  |d DE-2619 
LOK |0 092   |o n 
LOK |0 852   |a DE-2619 
LOK |0 852 1  |9 00 
LOK |0 935   |a nacp 
LOK |0 939   |a 17-12-24  |b l01 
ORI |a SA-MARC-krimdoka001.raw